<?xml version="1.0" encoding="UTF-8"?>
<record
    xmlns:xsi="http://www.w3.org/2001/XMLSchema-instance"
    xsi:schemaLocation="http://www.loc.gov/MARC21/slim http://www.loc.gov/standards/marcxml/schema/MARC21slim.xsd"
    xmlns="http://www.loc.gov/MARC21/slim">

  <leader>00901nam a2200265 a 4500</leader>
  <controlfield tag="001">853</controlfield>
  <controlfield tag="003">BR-CuiBMT</controlfield>
  <controlfield tag="005">20231129064626.0</controlfield>
  <controlfield tag="008">231121b2016    prba          000 0 por d</controlfield>
  <datafield tag="020" ind1=" " ind2=" ">
    <subfield code="a">9788593027000</subfield>
  </datafield>
  <datafield tag="040" ind1=" " ind2=" ">
    <subfield code="a">BR-CuiBMT</subfield>
    <subfield code="c">BR-CuiBMT</subfield>
  </datafield>
  <datafield tag="080" ind1=" " ind2=" ">
    <subfield code="2">2007</subfield>
    <subfield code="a">349.6</subfield>
  </datafield>
  <datafield tag="090" ind1=" " ind2=" ">
    <subfield code="a">349.6</subfield>
    <subfield code="b">P187a</subfield>
  </datafield>
  <datafield tag="100" ind1="1" ind2=" ">
    <subfield code="a">Panasolo, Alessandro</subfield>
  </datafield>
  <datafield tag="245" ind1="1" ind2="0">
    <subfield code="a">&#xC1;reas verdes urbanas &#xE0; luz da nova legisla&#xE7;&#xE3;o florestal :</subfield>
    <subfield code="b">prote&#xE7;&#xE3;o, interven&#xE7;&#xE3;o, hip&#xF3;teses de uso e regulariza&#xE7;&#xE3;o fundi&#xE1;ria /</subfield>
    <subfield code="c">Alessandro Panasolo, Edson Luiz Peters, Melina Samma Nunes.</subfield>
  </datafield>
  <datafield tag="260" ind1=" " ind2=" ">
    <subfield code="a">Curitiba :</subfield>
    <subfield code="b">Ambiente Juris,</subfield>
    <subfield code="c">2016.</subfield>
  </datafield>
  <datafield tag="300" ind1=" " ind2=" ">
    <subfield code="a">292 p. :</subfield>
    <subfield code="b">il. ;</subfield>
    <subfield code="c">21 cm</subfield>
  </datafield>
  <datafield tag="504" ind1=" " ind2=" ">
    <subfield code="a">Inclui bibliografia.</subfield>
  </datafield>
  <datafield tag="650" ind1=" " ind2=" ">
    <subfield code="a">Direito ambiental</subfield>
    <subfield code="z">Brasil</subfield>
  </datafield>
  <datafield tag="650" ind1=" " ind2=" ">
    <subfield code="a">Desenvolvimento sustent&#xE1;vel</subfield>
    <subfield code="z">Brasil</subfield>
  </datafield>
  <datafield tag="650" ind1=" " ind2=" ">
    <subfield code="a">Planejamento urbano</subfield>
  </datafield>
  <datafield tag="700" ind1=" " ind2=" ">
    <subfield code="a">Nunes, Melina Samma</subfield>
  </datafield>
  <datafield tag="700" ind1=" " ind2=" ">
    <subfield code="a">Peters, Edson Luiz</subfield>
  </datafield>
  <datafield tag="942" ind1=" " ind2=" ">
    <subfield code="2">udc</subfield>
    <subfield code="c">LV</subfield>
  </datafield>
  <datafield tag="952" ind1=" " ind2=" ">
    <subfield code="0">0</subfield>
    <subfield code="1">0</subfield>
    <subfield code="2">udc</subfield>
    <subfield code="4">0</subfield>
    <subfield code="7">0</subfield>
    <subfield code="a">BIBTCEMT</subfield>
    <subfield code="b">BIBTCEMT</subfield>
    <subfield code="d">2023-11-21</subfield>
    <subfield code="l">0</subfield>
    <subfield code="o">349.6 P187a</subfield>
    <subfield code="p">BIBTCEMT23110795</subfield>
    <subfield code="r">2023-11-21</subfield>
    <subfield code="t">Ex. 1</subfield>
    <subfield code="w">2023-11-21</subfield>
    <subfield code="y">LV</subfield>
  </datafield>
  <datafield tag="999" ind1=" " ind2=" ">
    <subfield code="c">853</subfield>
    <subfield code="d">853</subfield>
  </datafield>
</record>
